Assembly to probe the condition of London's private rented sector (Record no. 83154)
[ view plain ]
| 000 -LEADER | |
|---|---|
| fixed length control field | 01050cad a22001935a 4500 |
| 001 - CONTROL NUMBER | |
| control field | L152987 |
| 008 - FIXED-LENGTH DATA ELEMENTS--GENERAL INFORMATION | |
| fixed length control field | 110519e20110519xxk 000 0 eng d |
| 035 ## - SYSTEM CONTROL NUMBER | |
| System control number | (Sirsi) u152987 |
| 041 0# - LANGUAGE CODE | |
| Language code of text/sound track or separate title | eng |
| 110 2# - MAIN ENTRY--CORPORATE NAME | |
| Corporate name or jurisdiction name as entry element | London Assembly |
| 9 (RLIN) | 5949 |
| 245 00 - TITLE STATEMENT | |
| Title | Assembly to probe the condition of London's private rented sector |
| Medium | [electronic resource] |
| 490 ## - SERIES STATEMENT | |
| Series statement | London Assembly Press Release |
| Volume/sequential designation | 19 May 2011 |
| 520 ## - SUMMARY, ETC. | |
| Summary, etc. | London Assembly's Planning and Housing Committee has launched an investigation into the condition of London's private rented housing sector. The Committee will hold two public hearings with expert guests to inform its investigation, on 7 June and 6 July 2011. A final report is due to be published later in 2011. |
| 590 ## - LOCAL NOTE (RLIN) | |
| Local note | KA |
| 651 #4 - SUBJECT ADDED ENTRY--GEOGRAPHIC NAME | |
| Geographic name | London |
| 690 ## - LOCAL SUBJECT ADDED ENTRY--TOPICAL TERM (OCLC, RLIN) | |
| Topical term or geographic name as entry element | PROPERTY-RESIDENTIAL PROPERTY-DOMESTIC RESIDENTIAL PROPERTY-HOUSING |
| 856 40 - ELECTRONIC LOCATION AND ACCESS | |
| Uniform Resource Identifier | <a href="https://www.london.gov.uk/media/press_releases_london_assembly/assembly-probe-condition-london%E2%80%99s-private-rented-sector">https://www.london.gov.uk/media/press_releases_london_assembly/assembly-probe-condition-london%E2%80%99s-private-rented-sector</a> |
| Public note | View this item free of charge at www.london.gov.uk |
| 942 ## - ADDED ENTRY ELEMENTS (KOHA) | |
| Suppress in OPAC | 0 |
| Withdrawn status | Lost status | Source of classification or shelving scheme | Damaged status | Not for loan | Home library | Current library | Shelving location | Date acquired | Total Checkouts | Full call number | Barcode | Date last seen | Copy number | Price effective from | Koha item type |
|---|---|---|---|---|---|---|---|---|---|---|---|---|---|---|---|
| Dewey Decimal Classification | Virtual | Virtual | Online | 19/05/2011 | ONLINE PUBLICATION | 152987-2001 | 06/08/2019 | 1 | 06/08/2019 | Journal article |